<?xml version="1.0" encoding="UTF-8"?>
<record
    xmlns:xsi="http://www.w3.org/2001/XMLSchema-instance"
    xsi:schemaLocation="http://www.loc.gov/MARC21/slim http://www.loc.gov/standards/marcxml/schema/MARC21slim.xsd"
    xmlns="http://www.loc.gov/MARC21/slim">

  <leader>01949nam a2200361 a 4500</leader>
  <controlfield tag="001">00160</controlfield>
  <controlfield tag="003">DO-SdBNP</controlfield>
  <controlfield tag="005">20180313094740.0</controlfield>
  <controlfield tag="007">00160</controlfield>
  <controlfield tag="008">150130s2005    dr 2005      000 0 spa d</controlfield>
  <datafield tag="020" ind1=" " ind2=" ">
    <subfield code="a">9945110500</subfield>
  </datafield>
  <datafield tag="040" ind1=" " ind2=" ">
    <subfield code="a">BPMSU</subfield>
    <subfield code="b">spa</subfield>
    <subfield code="c">BPMSU</subfield>
  </datafield>
  <datafield tag="092" ind1=" " ind2=" ">
    <subfield code="a">373.7</subfield>
    <subfield code="b">M623m  1ro  2005</subfield>
  </datafield>
  <datafield tag="100" ind1="1" ind2=" ">
    <subfield code="a">Michel, Daniel</subfield>
  </datafield>
  <datafield tag="245" ind1="1" ind2="0">
    <subfield code="a">Matem&#xE1;ticas 1 : </subfield>
    <subfield code="b">educaci&#xF3;n media /</subfield>
    <subfield code="c">Daniel Michel ,  Andr&#xE9;s Molina Moloon</subfield>
  </datafield>
  <datafield tag="260" ind1=" " ind2=" ">
    <subfield code="a">Santo Domingo :</subfield>
    <subfield code="b">Santillana,</subfield>
    <subfield code="c">2005.</subfield>
  </datafield>
  <datafield tag="300" ind1=" " ind2=" ">
    <subfield code="a">279 p.  :</subfield>
    <subfield code="b">il., retrs. ;</subfield>
    <subfield code="c">28 cm.</subfield>
  </datafield>
  <datafield tag="490" ind1="1" ind2=" ">
    <subfield code="a">&#xC1;mbar</subfield>
  </datafield>
  <datafield tag="505" ind1="1" ind2=" ">
    <subfield code="g">unidad  --</subfield>
    <subfield code="t">1er. curso/primer ciclo --</subfield>
    <subfield code="t">Unidad 1: Introducci&#xF3;n a la l&#xF3;gica --</subfield>
    <subfield code="t">Unidad 2: Teor&#xED;a de conjuntos --</subfield>
    <subfield code="t">Unidad 3 : Operaciones conjuntistas --</subfield>
    <subfield code="t">proyecto: La tierra y sus movimientos, I --</subfield>
    <subfield code="t">Unidad 4 : Introducci&#xF3;n al &#xE1;lgrebra --</subfield>
    <subfield code="t">Unidad 5 : Operaciones algebraicas --</subfield>
    <subfield code="t">Unidad 6 : Factorizaci&#xF3;n --</subfield>
    <subfield code="t">Unidad 7 :  Ecuaciones de primer grado --</subfield>
    <subfield code="t">Unidad 8 --Inecuaciones --</subfield>
    <subfield code="t">Proyecto: La tierra y sus movimientos, II --</subfield>
    <subfield code="t">Unidad 9 : Intervalos --</subfield>
    <subfield code="t">Unidad 10 : Fracciones algebraicas --</subfield>
    <subfield code="t">Proyecto: Teselaciones del plano, I --</subfield>
    <subfield code="t">Unidad 11: Los n&#xFA;meros complejos --</subfield>
    <subfield code="t">Unidad 12 : Ecuaciones cuadr&#xE1;ticas --</subfield>
    <subfield code="t">Unidad 13 : Proporcionalidad y semejanza --</subfield>
    <subfield code="t">Unidad 14 : &#xC1;ngulos --</subfield>
    <subfield code="t">Unidad 15 : Geometr&#xED;a del espacio --</subfield>
    <subfield code="t">Unidad 16 : Estad&#xED;stica y probabilidades --</subfield>
    <subfield code="t">Proyecto: Tesalaciones del plano, II --</subfield>
  </datafield>
  <datafield tag="650" ind1=" " ind2="4">
    <subfield code="a">MATEM&#xC1;TICAS </subfield>
    <subfield code="x">ENSE&#xD1;ANZA SECUNDARIA</subfield>
  </datafield>
  <datafield tag="650" ind1=" " ind2="4">
    <subfield code="a">EDUCACI&#xD3;N SECUNDARIA</subfield>
    <subfield code="z">REP&#xDA;BLICA DOMINICANA</subfield>
  </datafield>
  <datafield tag="650" ind1=" " ind2="4">
    <subfield code="a">MATEM&#xC1;TICAS</subfield>
    <subfield code="x">LIBROS DE TEXTOS</subfield>
  </datafield>
  <datafield tag="650" ind1=" " ind2="4">
    <subfield code="a">MATEM&#xC1;TICAS </subfield>
    <subfield code="x">ESTUDIOS Y EJERC&#xCD;CIOS</subfield>
  </datafield>
  <datafield tag="700" ind1="1" ind2="2">
    <subfield code="a">Molina Maloon, Andr&#xE9;s,</subfield>
    <subfield code="e">ed.</subfield>
  </datafield>
  <datafield tag="830" ind1=" " ind2="0">
    <subfield code="a">&#xC1;mbar</subfield>
  </datafield>
  <datafield tag="910" ind1=" " ind2=" ">
    <subfield code="a">Validado. Control de calidad MFF</subfield>
  </datafield>
  <datafield tag="942" ind1=" " ind2=" ">
    <subfield code="2">ddc</subfield>
    <subfield code="c">BK</subfield>
  </datafield>
  <datafield tag="945" ind1=" " ind2=" ">
    <subfield code="a">BND01</subfield>
  </datafield>
  <datafield tag="952" ind1=" " ind2=" ">
    <subfield code="0">0</subfield>
    <subfield code="1">0</subfield>
    <subfield code="2">ddc</subfield>
    <subfield code="4">0</subfield>
    <subfield code="7">0</subfield>
    <subfield code="a">BPMET</subfield>
    <subfield code="b">BPMET</subfield>
    <subfield code="d">2015-07-13</subfield>
    <subfield code="e">Donaci&#xF3;n</subfield>
    <subfield code="l">0</subfield>
    <subfield code="o">373.7 M623m 1ro., pt.1   2005</subfield>
    <subfield code="p">BPMSU15070185</subfield>
    <subfield code="r">2015-07-13</subfield>
    <subfield code="w">2015-07-13</subfield>
    <subfield code="y">BK</subfield>
  </datafield>
  <datafield tag="956" ind1=" " ind2=" ">
    <subfield code="a">DGARCIA</subfield>
    <subfield code="b">10</subfield>
    <subfield code="c">20150706</subfield>
    <subfield code="l">BND01</subfield>
    <subfield code="h">1326</subfield>
  </datafield>
  <datafield tag="956" ind1=" " ind2=" ">
    <subfield code="a">YLOCKWARD</subfield>
    <subfield code="b">10</subfield>
    <subfield code="c">20150708</subfield>
    <subfield code="l">BND01</subfield>
    <subfield code="h">1151</subfield>
  </datafield>
  <datafield tag="956" ind1=" " ind2=" ">
    <subfield code="a">VMATEO</subfield>
    <subfield code="b">10</subfield>
    <subfield code="c">20150713</subfield>
    <subfield code="l">BPMSU</subfield>
    <subfield code="h">00151</subfield>
  </datafield>
  <datafield tag="956" ind1=" " ind2=" ">
    <subfield code="a">BTAV&#xC1;REZ</subfield>
    <subfield code="b">10</subfield>
    <subfield code="c">BPMSU</subfield>
    <subfield code="l">20160407</subfield>
    <subfield code="h">160</subfield>
  </datafield>
  <datafield tag="999" ind1=" " ind2=" ">
    <subfield code="c">7954</subfield>
    <subfield code="d">7954</subfield>
  </datafield>
</record>
